000 00631nam a2200145Ia 4500
008 151213s9999 xx 000 0 und d
100 _aআল্লামা আ: রহিম নকশবন্দী।
245 _aএলমে তাসাউফ ও মারেফাতের
_cআল্লামা আ: রহিম নকশবন্দী।
260 _aঢাকা
_bসোলেমানিয়া বুক হাউস।
_c2009
300 _a10988 p.
650 _aBangla
650 _aইসলামী বই
700 _aআল্লামা আ: রহিম নকশবন্দী।
999 _c4960
_d4960